Classement des combattants avec le plus de victoire par KO à l'UFC - Statistiques

Statistiques générales
  • Ce quiz a été pris 229 fois
  • Le résultat moyen est 4 sur 15
Statistiques - réponses
classement Combattants Ratio
KO/victoire
% Correct
12 Dustin Poirier 10/22
69%
7 Max Holloway 11/22
69%
11 Francis Ngannou 10/12
68%
1 Derrick Lewis 15/19
64%
5 Anderson Silva 11/17
46%
4 Anthony Johnson 11/13
22%
14 Alistair Overeem 9/12
14%
10 Donald Cerrone 10/23
12%
9 Chuck Liddell 10/16
10%
8 Cain Velasquez 10/12
8%
15 Andrei Arlovski 9/23
5%
2 Matt Brown 13/17
5%
13 Michael Bisping 10/20
5%
6 Thiago Santos 11/14
3%
3 Vitor Belfort 12/15
3%
Aucun quiz correspondant
Distribution des résultats
% des personnes avec chaque résultat
Percentile par nombre de réponses
Votre historique - résultats
Vous n’avez pas pris ce quiz